Neuvostoliiton johtajat - Statistics

Yleistilastot
  • Tätä visaa on pelattu 957 kertaa
  • Keskiarvotulos 4 / 7
Vastaustilastot
Hallintavuodet Johtaja % Oikein
1924-1953 Josif Stalin
99%
1917-1924 Vladimir Lenin
92%
1985-1991 Mihail Gorbatshov
67%
1964-1982 Leonid Brezhnev
45%
1953-1964 Nikita Hruštšev
40%
1982-1984 Juri Andropov
28%
1984-1985 Konstantin Tšernenko
20%
Ehtoja vastaavia visoja ei löytynyt
Tulosjakauma
Jokaisen tuloksen saaneiden osuus
Persentiili vastausten määrän mukaan
Tuloshistoriasi
Et ole pelannut tätä visaa